000 01197cam a2200373 a 4500
999 _c55527
_d55527
003 BJBSDDR
005 20230410120957.0
007 ta
008 110930s2011 nyu b 001 0 eng
020 _a9781594036262 (pbk. : alk. paper)
020 _a1594036268 (pbk. : alk. paper)
035 _a16984622
040 _aDLC
_cDLC
_bspa
041 _aEng
042 _apcc
043 _an-us---
050 1 4 _aJC 574.2
_bE64w 2011
082 0 0 _a320.51/30973
_223
100 1 _aEpstein, Richard Allen,
_d1943-
245 1 0 _aWhy progressive institutions are unsustainable /
_cRichard A. Epstein.
260 _aNew York :
_bEncounter Books,
_c2011.
300 _a56 p. :
_c18 cm.
490 0 _aEncounter broadsides
_vNo. 26
650 0 _aLiberalism
_zUnited States
_xHistory.
650 4 _aLiberalismo
_zEstados Unidos
_92551
650 4 _aHistoria del liberalismo
_zEstados Unidos.
_92550
651 0 _aUnited States
_xEconomic conditions.
651 0 _aUnited States
_xEconomic policy.
651 4 _aEstados Unidos
_xCondiciones económicas
_91552
651 4 _aEstados Unidos
_xPolítica económica
_9843
830 _92549
_aEncounter broadsides
942 _2lcc
_cBK
946 _advf